| 000 | 01046nam a22003497a 4500 | ||
|---|---|---|---|
| 001 | BR2010003297 | ||
| 003 | BR-BrBNA | ||
| 005 | 20230928103257.0 | ||
| 007 | ta | ||
| 008 | 230509b bl.||||| |||| 00| 0 por d | ||
| 040 |
_aBR-BrBNA _bpor _cBiblioteca Nacional de Agricultura |
||
| 041 | _a(Por) | ||
| 072 |
_aM12 _b3410 _b3530 |
||
| 090 | _ 3410 BR2010003297 | ||
| 100 | 1 | _aBezerra, C.A.B. | |
| 100 | 1 | _aMasih Neto, T. | |
| 100 | 1 | _aAlves, D.I. | |
| 110 | 1 |
_aSindicato e Organização das Cooperativas do Estado do Ceará, Fortaleza (Brasil) _99539 |
|
| 110 | 1 | _aServiço Nacional de Aprendizagem do Cooperativismo, Fortaleza, CE (Brasil) | |
| 245 | 1 | _aCultivo de macro algas marinhas do gênero Gracilaria | |
| 260 | 3 |
_aFortaleza, CE (Brasil): _c2004. |
|
| 300 | _a36 p. | ||
| 650 | _aALGA MARINHA | ||
| 650 | _aMUDA | ||
| 650 | _aSELEÇÃO | ||
| 650 | _aLAVAGEM | ||
| 650 | _aARMAZENAMENTO | ||
| 650 | _aCOMERCIALIZAÇÃO | ||
| 650 | _aIMPLANTAÇÃO DE CULTURA | ||
| 909 |
_a202309 _bLucia _c55 _dLucia Elande |
||
| 942 | _cBK | ||
| 999 |
_c74410 _d74410 |
||